| 000 | 01347nam a2200325 i 4500 | ||
|---|---|---|---|
| 001 | 70307 | ||
| 003 | Mx-PuUPA | ||
| 005 | 20230711120341.0 | ||
| 008 | 230630s2019 fluad gr 000 0 eng d | ||
| 020 |
_a9781138345065 _qrústica _qpapel alcalino |
||
| 040 |
_aMx-PuUPA _bspa _cMx-PuUPA _dMx-PuUPA _erda |
||
| 041 | 0 | _aeng | |
| 100 | 1 |
_aCulbertson, William, _eautor _914397 |
|
| 245 | 1 | 4 |
_a3ds Max Basics : _bfor modeling video game assets. _nVolume One. _pModel a complete game environment and export to unity or other game engines / _cBill Culbertson |
| 264 | 1 |
_aBoca Raton, FL : _bCRC Press, _c©2019 |
|
| 300 |
_axiv, 420 páginas : _bilustraciones, gráficas, tablas ; _c25 cm |
||
| 336 |
_2rdacontent _atexto _btxt |
||
| 337 |
_2rdamedia _asin medio _bn |
||
| 338 |
_2rdacarrier _avolumen _bnc |
||
| 650 | 7 |
_2armarc _a3ds Max (Programa de computadora) |
|
| 650 | 7 |
_2armarc _aVideojuegos _xProgramación |
|
| 650 | 7 |
_2armarc _aSoftware de animación por computadora |
|
| 650 | 7 |
_2armarc _aAnimación por computadora _xProgramas de computadora |
|
| 650 | 7 |
_2armarc _aJuegos de computadora _xProgramación |
|
| 942 |
_2ddc _cLI _h974.81513 _iC967 |
||
| 999 |
_c70307 _d70307 |
||